000 00552nam a2200181 i 4500
001 57827
003 ES-MaACL
007 t|
008 031017s1909 fr ||||1| fre d
100 1 _aDubois, Marcel.
_945772
245 1 0 _aPrécis de geographie económique /
_cpar M.M. Dubois et J.G. Kergomard ; avec la collaboration de M. Louis Laffitte.
250 _a3eme ed.
260 _aParis :
_bLahure,
_c1909.
300 _aXV, 864 p. ;
_c22 cm.
700 1 _aKergomard, J. G.
_967902
700 1 _aLaffitte, Louis.
_969481
852 _aES-MaACL
_jB-919
999 _c57827
_d57827